Tous Saint : Quiz sur les Saints célèbres - Statistiques

Statistiques générales
  • Ce quiz a été pris 150 fois
  • Le résultat moyen est 11 sur 15
Statistiques - réponses
Indice Saint % Correct
Fête des amoureux le 14 février Valentin
96%
Site au patrimoine mondial de l'UNESCO : Le Mont-Saint ___ Michel
93%
Saga avec L. De Funes : Le gendarme de Saint ___ Tropez
91%
Saint patron de l'Irlande Patrick
85%
Grand chien connu pour ses missions de sauvetage en montagne Bernard
84%
Le plus grand rival de l'OM Germain
84%
Saint protecteur des enfants fêté le 6 décembre Nicolas
80%
Ville de la Loire où les footballeurs sont surnommés "Les verts" Etienne
79%
Micro-Etat dans le centre-nord de l'Italie Marin
79%
Monument du Vatican : La Basilique Saint ___ Pierre
78%
Réveillon du 31 décembre Sylvestre
76%
Fromage au lait de vache du Cantal : Le Saint ___ Nectaire
64%
Chanson reprise par P. Bruel : Mon amant de Saint ___ Jean
60%
Considéré comme le patron des voyageurs Christophe
35%
Roman policier des années 30 : Les disparus de Saint ___ Agil
13%
Aucun quiz correspondant
Distribution des résultats
% des personnes avec chaque résultat
Percentile par nombre de réponses
Votre historique - résultats
Vous n’avez pas pris ce quiz